Responses for show #7796 - Monday, July 2, 2018

Contestants

Suzanne Koppelman, a museum education manager from New York, New York

Adam Scholze, a tutor from Pasadena, California

Scott McFadden, a librarian from Muncie, Indiana (whose 3-day cash winnings total $78,401)

Jeopardy! Round responses

DANISH FOOD & DRINK
GOVERNMENT ABCs
SMALL-SCREEN CRIME FIGHTERS
BORN & DIED
BOOK OF THE MONTH
ANAGRAM PAIRS
    $200 8
(Suzanne: What is bread and fish?)

bread and butter

Suzanne
Triple Stumper
    $200 13
the Environmental Protection Agency

Suzanne
    $200 1
Criminal Minds

Triple Stumper
    $200 14
Martin Luther King Jr.

Scott
    $200 5
March

Scott
    $200 26
edit and diet

Suzanne
    $400 9
Vienna

Scott
    $400 15
the Freedom of Information Act

Suzanne
    $400 2
Barney Fife

Scott
    $400 16
Jacqueline Kennedy Onassis

Suzanne
    $400 7
August

Adam
    $400 27
a mare and a ream

Adam
    $600 22
herring

Adam
    $600 20
the Library of Congress

Scott
    $600 3
(Suzanne: What is New Orleans and Miami?)

New Orleans and Los Angeles

Suzanne
Triple Stumper
    $1,000 17
Picasso

Suzanne
    $600 10
(Adam: What is rings?)
(Scott: What is innings?)

Octobers

ScottAdam
Triple Stumper
    $600 28
[The end-of-round signal sounds.]

aunt and tuna

Scott
    $800 23
(Scott: What is celery?)

rhubarb

Scott
Triple Stumper
    $800 21
Department of Commerce

Adam
    $800 4
Hawaii Five-0

Suzanne
    $800 18
Bobby Fischer

Scott
    $800 11
Henry and June

Triple Stumper
    $1000 24
skål

Scott
    $1000 25
(Alex: Less than a minute now.)

the Occupational Safety and Health Administration

Scott
    $1000 6
Prime Suspect

Triple Stumper
    $1000 19
Lawrence of Arabia

Suzanne
    $1000 12
(Scott: What is Eve?)

January

Scott
Triple Stumper

Scores at the first commercial break (after clue 15):

Scott Adam Suzanne
-$400 -$200 $600

Scores at the end of the Jeopardy! Round:

Scott Adam Suzanne
$2,800 $1,600 $3,200

Double Jeopardy! Round responses

SHAKESPEAREAN MENAGERIE
MALE & FEMALE WORDS
ON THE ISLAND
AMERICAN HISTORY
COMMUNICATION
MUSICAL "P"ERFORMERS
    $400 2
a porcupine

Adam
    $400 5
iron

Scott
    $400 12
(Scott: What is Japan?)

Honshu

ScottAdam
    $400 23
Oklahoma City

Scott
    $400 17
(Scott: What's a book?)

a newspaper

ScottSuzanne
    $400 1
Pearl Jam

Scott
    $800 6
the chameleon

Scott
    $800 8
flyboy and flygirl

Triple Stumper
    $800 13
Oahu

Suzanne
    $800 24
a fireside chat

Suzanne
    $800 18
a beeper (or a pager)

Adam
    $800 3
Pepa

Adam
    $1200 7
(Alex: The French for "dolphin".)

the Dauphin

Suzanne
    $1200 9
batboy

Adam
    $1200 14
(Adam: What is Corsica?)

Elba

AdamSuzanne
    $1200 25
Francis Scott Key

Scott
    $1200 19
Morse code

Suzanne
    $1200 4
Charlie Puth

Suzanne
    $1600 30
the bee

Triple Stumper
    $1600 22
bull and cow

Triple Stumper
    $1600 15
Ireland

Suzanne
    $5,000 26
flower power

Scott
    $1600 20
shortwave

Suzanne
    $1600 10
Louis Prima

Triple Stumper
    $2000 28
the phoenix

Triple Stumper
    $2000 29
(Adam: What is Queens College?)
(Alex: We need both.)
(Adam: What is [*]?)

Queens College and Kings College

Adam
    $2000 16
(Adam: What is the Philippines?)

Luzon

AdamSuzanne
    $2000 27
(Suzanne: What is the Whig Party?)

the Federalist Party

ScottSuzanne
    $3,000 21
pidgin

Suzanne
    $2000 11
Robert Palmer

Adam

Scores at the end of the Double Jeopardy! Round:

Scott Adam Suzanne
$12,200 $6,000 $16,200

[wagering suggestions for these scores]

Final Jeopardy! Round responses

20th CENTURY NOVELS
AdamWhat is the Joy Luck Club?
$5,995
ScottWhat is The Joy Luck Club?
$4,001
SuzanneWhat is The Joy Luck Club?
$8,201
the Joy Luck Club

Final scores:

Scott Adam Suzanne
$16,201 $11,995 $24,401
2nd place: $2,000 3rd place: $1,000 New champion: $24,401

Game dynamics:

Coryat scores:

Scott Adam Suzanne
$8,800 $6,000 $14,800
16 R
(including 1 DD),
5 W
11 R,
3 W
18 R
(including 2 DDs),
3 W

Combined Coryat: $29,600

The J! Archive is created by fans, for fans. The Jeopardy! game show and all elements thereof, including but not limited to copyright and trademark thereto, are the property of Jeopardy Productions, Inc. and are protected under law. This website is not affiliated with, sponsored by, or operated by Jeopardy Productions, Inc. Join the discussion at JBoard.tv.